[Event "18th CRO-chT"]
[Site "Sibenik CRO"]
[Date "2009.09.27"]
[Round "7.26"]
[White "Petrov, Jole"]
[Black "Loncar, Robert"]
[Result "1-0"]
[WhiteElo "2436"]
[BlackElo "2427"]
[PlyCount "121"]
[EventDate "2009.09.21"]
[EventType "team"]
[EventRounds "9"]
[EventCountry "CRO"]

1. Nf3 Nf6 2. c4 e6 3. g3 a6 4. Bg2 b5 5. b3 Bb7 6. O-O c5 7. Bb2 Be7 8. e3 O-O
9. Qe2 d6 10. d4 Nbd7 11. Rd1 bxc4 12. bxc4 Rb8 13. Nbd2 Qc7 14. Bc3 Ne4 15.
Nxe4 Bxe4 16. Bf1 Bf6 17. Rac1 h6 18. Nd2 Bc6 19. Nb3 Ba8 20. Ba5 Qc6 21. d5
exd5 22. cxd5 Qc8 23. Qxa6 Qxa6 24. Bxa6 Nb6 25. e4 Rfe8 26. Re1 Re7 27. Bf1
Ra7 28. Rc2 Nd7 29. Bd2 Bb7 30. Na5 Bd8 31. Nc4 Bc7 32. Bf4 Ra6 33. Rb1 Bc8 34.
Rxb8 Bxb8 35. Bh3 g5 36. Bd2 Bc7 37. f4 f6 38. Be6+ Kf8 39. fxg5 hxg5 40. h4
gxh4 41. gxh4 Nb6 42. Bxc8 Nxc8 43. Kg2 Ra4 44. Kf3 Nb6 45. Nxb6 Bxb6 46. Bf4
Bc7 47. h5 Kg8 48. h6 Kh7 49. Rg2 Ra3+ 50. Kg4 c4 51. Kf5 Ba5 52. Rc2 c3 53.
Bxd6 Ra4 54. Bf4 Rd4 55. Rg2 Kh8 56. Rg7 c2 57. Ra7 Rd2 58. Bxd2 Bxd2 59. Rc7
c1=Q 60. Rxc1 Bxc1 61. d6 1-0

[Event "18th CRO-chT"]
[Site "Sibenik CRO"]
[Date "2009.09.27"]
[Round "7.34"]
[White "Kovacevic, Vlatko"]
[Black "Ljubicic, Filip"]
[Result "1/2-1/2"]
[WhiteElo "2505"]
[BlackElo "2374"]
[PlyCount "56"]
[EventDate "2009.09.21"]
[EventType "team"]
[EventRounds "9"]
[EventCountry "CRO"]

1. d4 d6 2. Nf3 g6 3. e4 Nf6 4. Nc3 Bg7 5. Be2 O-O 6. O-O Nc6 7. h3 e5 8. Be3
Bd7 9. dxe5 Nxe5 10. Nxe5 dxe5 11. Qc1 Bc6 12. Bg5 Qd4 13. Rd1 Qc5 14. Bf3 Rfd8
15. a3 a5 16. Qe3 Rd4 17. Rd2 Qb6 18. b3 Rad8 19. Rad1 Rxd2 20. Rxd2 Rxd2 21.
Qxb6 cxb6 22. Bxd2 Bf8 23. a4 Bb4 24. Kf1 Bxc3 25. Bxc3 Nxe4 26. Bxe5 Nd2+ 27.
Ke2 Nxf3 28. gxf3 b5 1/2-1/2

[Event "18th CRO-chT"]
[Site "Sibenik CRO"]
[Date "2009.09.27"]
[Round "7.42"]
[White "Hracek, Zbynek"]
[Black "Khenkin, Igor"]
[Result "1/2-1/2"]
[WhiteElo "2606"]
[BlackElo "2613"]
[PlyCount "78"]
[EventDate "2009.09.21"]
[EventType "team"]
[EventRounds "9"]
[EventCountry "CRO"]

1. e4 c6 2. d4 d5 3. Nc3 dxe4 4. Nxe4 Bf5 5. Ng3 Bg6 6. h4 h6 7. Nf3 Nd7 8. h5
Bh7 9. Bd3 Bxd3 10. Qxd3 e6 11. Bf4 Qa5+ 12. Bd2 Qc7 13. O-O-O Ngf6 14. Ne4
O-O-O 15. g3 Nxe4 16. Qxe4 Bd6 17. c4 c5 18. d5 Nf6 19. Qc2 exd5 20. cxd5 Rhe8
21. Bc3 Qd7 22. Bxf6 gxf6 23. Nh4 Re5 24. f4 Rxh5 25. Qe2 Rxd5 26. Rxd5 Bxf4+
27. gxf4 Qxd5 28. Rd1 Qxa2 29. Rxd8+ Kxd8 30. Nf5 Qe6 31. Qd3+ Kc7 32. Nxh6
Qe1+ 33. Kc2 Qh4 34. Nxf7 Qxf4 35. Qd8+ Kc6 36. Qe8+ Kb6 37. Qd8+ Kc6 38. Qc8+
Kb6 39. Qd8+ Kc6 1/2-1/2

[Event "18th CRO-chT"]
[Site "Sibenik CRO"]
[Date "2009.09.27"]
[Round "7.43"]
[White "Feletar, Darko"]
[Black "Jovanovic, Zoran"]
[Result "1/2-1/2"]
[WhiteElo "2377"]
[BlackElo "2535"]
[PlyCount "45"]
[EventDate "2009.09.21"]
[EventType "team"]
[EventRounds "9"]
[EventCountry "CRO"]

1. c4 c5 2. Nf3 Nc6 3. d4 cxd4 4. Nxd4 g6 5. e4 Bg7 6. Be3 Nf6 7. Nc3 O-O 8.
Be2 d6 9. O-O Bd7 10. Qd2 Nxd4 11. Bxd4 Bc6 12. f3 Nd7 13. Be3 a5 14. Rab1 Nc5
15. Rfc1 Be5 16. b3 e6 17. Bh6 Bg7 18. Bg5 Qc7 19. Bf4 Be5 20. Bh6 Bg7 21. Bf4
Be5 22. Bh6 Bg7 23. Bf4 1/2-1/2

[Event "18th CRO-chT"]
[Site "Sibenik CRO"]
[Date "2009.09.27"]
[Round "7.46"]
[White "Sulava, Nenad"]
[Black "Kutuzovic, Branko"]
[Result "1/2-1/2"]
[WhiteElo "2540"]
[BlackElo "2321"]
[PlyCount "89"]
[EventDate "2009.09.21"]
[EventType "team"]
[EventRounds "9"]
[EventCountry "CRO"]

1. d4 Nf6 2. Nf3 e6 3. e3 b6 4. Bd3 Bb7 5. O-O d5 6. c4 dxc4 7. Bxc4 a6 8. Nc3
Nbd7 9. e4 b5 10. Bb3 b4 11. e5 bxc3 12. exf6 Nxf6 13. Ba4+ c6 14. Qb3 Rb8 15.
Qxc3 Rc8 16. Ne5 Bd6 17. Nc4 O-O 18. Nxd6 Qxd6 19. Qc5 Rfd8 20. Qxd6 Rxd6 21.
Be3 Nd5 22. Rac1 h6 23. Rc5 f5 24. Rd1 Kf7 25. Rd3 Rcd8 26. g3 g5 27. Bd1 Nf6
28. Rb3 R8d7 29. Be2 Rd5 30. f3 Rxc5 31. dxc5 e5 32. Bc4+ Kg6 33. Kf1 h5 34.
Ke2 f4 35. Bd2 Kf5 36. Bd3+ Ke6 37. gxf4 gxf4 38. Bc4+ Kf5 39. Bd3+ Ke6 40. Be1
Rg7 41. Kf2 Kd5 42. Rc3 Ke6 43. Bc4+ Kf5 44. Bd3+ Ke6 45. Bc4+ 1/2-1/2

[Event "18th CRO-chT"]
[Site "Sibenik CRO"]
[Date "2009.09.27"]
[Round "7.51"]
[White "Abasov, Nijat Azad Oglu"]
[Black "Pavasovic, Dusko"]
[Result "1/2-1/2"]
[WhiteElo "2525"]
[BlackElo "2602"]
[PlyCount "49"]
[EventDate "2009.09.21"]
[EventType "team"]
[EventRounds "9"]
[EventCountry "CRO"]

1. d4 d5 2. c4 e6 3. Nf3 Nf6 4. e3 a6 5. b3 b6 6. Bd3 Bb7 7. O-O Nbd7 8. Bb2
Be7 9. Nbd2 O-O 10. Qc2 c5 11. e4 dxe4 12. Nxe4 Nxe4 13. Bxe4 Bxe4 14. Qxe4 Bf6
15. Rad1 Qc7 16. Qe2 Rad8 17. dxc5 bxc5 18. Rd3 Bxb2 19. Qxb2 Nf6 20. Rfd1 Rxd3
21. Rxd3 Rd8 22. Qd2 Rxd3 23. Qxd3 Kf8 24. Ng5 h6 25. Ne4 1/2-1/2

[Event "18th CRO-chT"]
[Site "Sibenik CRO"]
[Date "2009.09.27"]
[Round "7.54"]
[White "Jovanic, Ognjen"]
[Black "Glavas, Dragan"]
[Result "1/2-1/2"]
[WhiteElo "2543"]
[BlackElo "2359"]
[PlyCount "76"]
[EventDate "2009.09.21"]
[EventType "team"]
[EventRounds "9"]
[EventCountry "CRO"]

1. d4 d5 2. c4 c6 3. e3 e6 4. Nf3 Nf6 5. b3 Ne4 6. Bd3 Bd6 7. O-O O-O 8. Bb2 f5
9. Ne5 Nd7 10. f3 Nef6 11. Qe2 Qc7 12. f4 Ne4 13. Nc3 Nxc3 14. Bxc3 Nf6 15.
Rac1 Qe7 16. Rc2 Bd7 17. b4 Be8 18. Rb1 Rc8 19. Be1 Bh5 20. Qf1 dxc4 21. Bxc4
Nd5 22. Bd2 Rfd8 23. Nd3 g5 24. Re1 Rf8 25. Kh1 Rce8 26. b5 Rc8 27. bxc6 Rxc6
28. Rec1 Rfc8 29. Bb3 Rxc2 30. Rxc2 Rxc2 31. Bxc2 gxf4 32. Nxf4 Bxf4 33. exf4
Be8 34. Qe1 Bc6 35. Qg3+ Kf7 36. h3 Qf6 37. Qf2 Qg6 38. Kh2 Nf6 1/2-1/2

[Event "18th CRO-chT"]
[Site "Sibenik CRO"]
[Date "2009.09.27"]
[Round "7.55"]
[White "Franic, Milan"]
[Black "Saric, Ante"]
[Result "1-0"]
[WhiteElo "2404"]
[BlackElo "2487"]
[PlyCount "95"]
[EventDate "2009.09.21"]
[EventType "team"]
[EventRounds "9"]
[EventCountry "CRO"]

1. d4 Nf6 2. Nf3 e6 3. e3 c5 4. Bd3 d5 5. b3 Nc6 6. O-O b6 7. Bb2 Bb7 8. Nbd2
Bd6 9. Ne5 O-O 10. f4 Nb4 11. Be2 Ne4 12. a3 Nc6 13. Nxe4 dxe4 14. Nxc6 Bxc6
15. Qd2 Be7 16. Rfd1 Bf6 17. c4 cxd4 18. Bxd4 Bxd4 19. Qxd4 Qxd4 20. Rxd4 Rfd8
21. Rad1 Rxd4 22. Rxd4 Kf8 23. Kf2 Ke7 24. Ke1 h6 25. Kd2 g5 26. Kc3 f6 27. g3
e5 28. fxe5 fxe5 29. Rd2 Rf8 30. b4 Rf2 31. Bg4 Rxd2 32. Kxd2 Kd6 33. Bf5 Bb7
34. Bh7 Ba6 35. Kc3 Bb7 36. Bf5 Ba8 37. b5 Bb7 38. Kb4 Ba8 39. Bc8 Kc7 40. Bf5
Kd6 41. a4 Bb7 42. a5 bxa5+ 43. Kxa5 Kc5 44. Be6 Kd6 45. Bg8 Bc8 46. b6 a6 47.
Bd5 Kc5 48. g4 1-0

[Event "18th CRO-chT"]
[Site "Sibenik CRO"]
[Date "2009.09.27"]
[Round "7.56"]
[White "Doric, Darko"]
[Black "Novak, Danijel"]
[Result "1-0"]
[WhiteElo "2456"]
[BlackElo "2372"]
[PlyCount "71"]
[EventDate "2009.09.21"]
[EventType "team"]
[EventRounds "9"]
[EventCountry "CRO"]

1. d4 Nf6 2. c4 c5 3. d5 b5 4. cxb5 a6 5. b6 d6 6. Nc3 Qxb6 7. e4 g6 8. Be2 Bg7
9. Nf3 O-O 10. O-O Nbd7 11. Qc2 Bb7 12. h3 Ne8 13. b3 Nc7 14. Bb2 e5 15. a4 Bc8
16. Nd2 Rb8 17. Rfb1 Ne8 18. Ba3 Qc7 19. b4 cxb4 20. Bxb4 f5 21. Ra2 Ndf6 22.
Nc4 Nxe4 23. Nxe4 fxe4 24. Be1 Rxb1 25. Qxb1 Bb7 26. Ne3 Nf6 27. Rc2 Qd7 28.
Qb6 Rf7 29. Bxa6 Bxd5 30. Bb5 Qe7 31. Bb4 Bf8 32. Rd2 Qe6 33. Nxd5 Nxd5 34. Bc4
Nxb6 35. Bxe6 Nxa4 36. Ra2 1-0

[Event "18th CRO-chT"]
[Site "Sibenik CRO"]
[Date "2009.09.28"]
[Round "8.14"]
[White "Jovanic, Ognjen"]
[Black "Jankovic, Alojzije"]
[Result "1/2-1/2"]
[WhiteElo "2543"]
[BlackElo "2548"]
[PlyCount "70"]
[EventDate "2009.09.21"]
[EventType "team"]
[EventRounds "9"]
[EventCountry "CRO"]

1. d4 d5 2. Nf3 c5 3. c4 cxd4 4. cxd5 Nf6 5. Qxd4 Qxd5 6. Nc3 Qxd4 7. Nxd4 Bd7
8. e4 Nc6 9. Nxc6 Bxc6 10. f3 e6 11. Be3 a6 12. Rc1 Be7 13. Be2 O-O 14. Kf2
Rfc8 15. Nb1 Be8 16. Nd2 Nd7 17. Nb3 Bf6 18. Bd4 Bxd4+ 19. Nxd4 Kf8 20. Ke3 Nb6
21. b3 e5 22. Nf5 Bc6 23. Rhd1 Rd8 24. g4 Rxd1 25. Rxd1 g6 26. Ng3 Ke7 27. h4
a5 28. a3 Bd7 29. Rc1 Be6 30. Rc3 Nd7 31. Nf1 b6 32. Nd2 Nc5 33. Nc4 Nd7 34.
Nd2 Nc5 35. Nc4 Nd7 1/2-1/2

[Event "18th CRO-chT"]
[Site "Sibenik CRO"]
[Date "2009.09.28"]
[Round "8.15"]
[White "Hulak, Krunoslav"]
[Black "Saric, Ante"]
[Result "1-0"]
[WhiteElo "2520"]
[BlackElo "2487"]
[PlyCount "85"]
[EventDate "2009.09.21"]
[EventType "team"]
[EventRounds "9"]
[EventCountry "CRO"]

1. d4 Nf6 2. c4 e6 3. g3 d5 4. Bg2 dxc4 5. Nf3 c5 6. O-O Nc6 7. Qa4 Bd7 8. Qxc4
cxd4 9. Nxd4 Rc8 10. Nc3 Qb6 11. Nxc6 Bxc6 12. Be3 Bc5 13. Bxc5 Bxg2 14. Qa4+
Qc6 15. Rfc1 Qxa4 16. Nxa4 Bc6 17. Nc3 b6 18. Bd6 Rd8 19. Ba3 Kd7 20. f3 Rc8
21. Rc2 a5 22. Rac1 Rhd8 23. e4 Ne8 24. Kf2 Rc7 25. g4 Kc8 26. b3 Kb7 27. Bb2
Rdc8 28. Rd1 Rd7 29. Rxd7+ Bxd7 30. Rd2 Bc6 31. Ne2 Rc7 32. Nd4 Bd7 33. h4 Bc8
34. g5 Rd7 35. f4 Nc7 36. Ke3 Ne8 37. h5 g6 38. Rh2 e5 39. fxe5 Re7 40. Ba3
Rxe5 41. Kf4 f6 42. hxg6 hxg6 43. Rh7+ 1-0

[Event "18th CRO-chT"]
[Site "Sibenik CRO"]
[Date "2009.09.28"]
[Round "8.23"]
[White "Jovanovic, Zoran"]
[Black "Tratar, Marko"]
[Result "1/2-1/2"]
[WhiteElo "2535"]
[BlackElo "2478"]
[PlyCount "106"]
[EventDate "2009.09.21"]
[EventType "team"]
[EventRounds "9"]
[EventCountry "CRO"]

1. e4 e6 2. d4 d5 3. Nc3 Nf6 4. Bg5 Be7 5. e5 Nfd7 6. Bxe7 Qxe7 7. f4 a6 8. Nf3
c5 9. dxc5 Nc6 10. Bd3 Nxc5 11. O-O h6 12. Qd2 O-O 13. Rae1 Bd7 14. Ne2 f5 15.
exf6 Qxf6 16. c3 Be8 17. Nfd4 Nxd3 18. Qxd3 Bg6 19. Qe3 Nxd4 20. Nxd4 Be4 21.
Ne2 e5 22. f5 Bxf5 23. Ng3 Qg6 24. Qxe5 Be4 25. Qd4 Rxf1+ 26. Rxf1 Re8 27. Re1
h5 28. Nxe4 dxe4 29. Qd5+ Kh7 30. Qxb7 e3 31. Qf3 Qg5 32. b4 Re5 33. c4 Qh4 34.
Qe2 Qd4 35. a4 Qc3 36. b5 axb5 37. axb5 g6 38. h3 Re4 39. Kh2 Rxc4 40. Qxe3
Qxe3 41. Rxe3 Rb4 42. Re5 h4 43. Kg1 Rb2 44. Kf1 Kh6 45. Rc5 Kg7 46. Rc7+ Kh6
47. Rb7 Kg5 48. b6 Kf4 49. Rf7+ Kg3 50. Rf3+ Kh2 51. Rf6 Rb1+ 52. Kf2 Rb2+ 53.
Kf1 Rb1+ 1/2-1/2

[Event "18th CRO-chT"]
[Site "Sibenik CRO"]
[Date "2009.09.28"]
[Round "8.25"]
[White "Leventic, Ivan"]
[Black "Glavas, Dragan"]
[Result "1-0"]
[WhiteElo "2495"]
[BlackElo "2359"]
[PlyCount "165"]
[EventDate "2009.09.21"]
[EventType "team"]
[EventRounds "9"]
[EventCountry "CRO"]

1. e4 e6 2. d4 d5 3. Nd2 Nf6 4. e5 Ng8 5. Bd3 c5 6. c3 Nc6 7. Ne2 Bd7 8. O-O
Qc7 9. Nf3 c4 10. Bc2 h6 11. Nf4 O-O-O 12. b3 Na5 13. h3 Kb8 14. Re1 Be8 15.
bxc4 Nxc4 16. a4 Ne7 17. Nd2 Na5 18. Ba3 Nec6 19. Bxf8 Rxf8 20. Bd3 Ne7 21. Ra3
Nc8 22. Nh5 g6 23. Nf6 Bc6 24. Qb1 b6 25. Qb4 Bb7 26. Bb5 Ne7 27. Rb1 Nec6 28.
Qb2 Rh8 29. f4 h5 30. Nf3 Nc4 31. Bxc4 dxc4 32. Qe2 Na5 33. Nd2 Ka8 34. Ra2 Bd5
35. Nde4 Bxe4 36. Nxe4 Nb7 37. Rb4 Rc8 38. Rab2 Rhd8 39. Ng5 Rd5 40. Qf3 Kb8
41. Rb5 Rcd8 42. Ne4 Rxb5 43. axb5 Qe7 44. Qe2 Qa3 45. Rb1 Rc8 46. Kh2 h4 47.
Qb2 Qe7 48. Qb4 Qc7 49. Ng5 Qd7 50. Ra1 Qc7 51. Kg1 Re8 52. Qa3 Na5 53. Ne4 Rd8
54. Qb2 Nb3 55. Ra4 f5 56. Nd6 Na5 57. Qe2 Qd7 58. Rb4 g5 59. fxg5 Qg7 60. Qe3
Rg8 61. Nxc4 Qe7 62. Nd2 Rxg5 63. Nf3 Rg8 64. Qh6 Rc8 65. Qxh4 Qb7 66. Qe1 Qd5
67. h4 Nc4 68. Qe2 f4 69. Ra4 Qxb5 70. Ra1 Qd5 71. Ng5 Ne3 72. Qa2 Qb7 73. Nxe6
a5 74. Nxf4 Qe4 75. Qb1 Qb7 76. Qd3 Ng4 77. Qf3 Qg7 78. Nh5 Qg6 79. Nf6 Nh6 80.
Rf1 a4 81. Qe4 Qg3 82. e6 Ng8 83. e7 1-0

[Event "18th CRO-chT"]
[Site "Sibenik CRO"]
[Date "2009.09.28"]
[Round "8.26"]
[White "Franic, Milan"]
[Black "Sulava, Nenad"]
[Result "0-1"]
[WhiteElo "2404"]
[BlackElo "2540"]
[PlyCount "98"]
[EventDate "2009.09.21"]
[EventType "team"]
[EventRounds "9"]
[EventCountry "CRO"]

1. d4 e6 2. c4 d5 3. e3 Nf6 4. Nf3 a6 5. Nbd2 c5 6. cxd5 exd5 7. Be2 Nc6 8. O-O
Be6 9. b3 cxd4 10. Nxd4 Nxd4 11. exd4 Bd6 12. Nf3 Ne4 13. Bb2 O-O 14. Rc1 Bf4
15. Rc2 Qd6 16. g3 Bh3 17. gxf4 Qg6+ 18. Ng5 Nxg5 19. Kh1 Ne4 20. Bf3 Bxf1 21.
Qxf1 Ng3+ 22. hxg3 Qxc2 23. Ba3 Rfd8 24. Bc5 Qxa2 25. b4 a5 26. bxa5 Rxa5 27.
Kg2 Qb2 28. Qe1 Ra2 29. f5 Qd2 30. Qf1 Rc2 31. f6 Rc1 32. Qb5 Qe1 33. Kh3 Qxf2
34. Qb6 Re8 35. Qb5 Qf1+ 36. Qxf1 Rxf1 37. Bxd5 Rxf6 38. Bxb7 Rd8 39. Kg2 Rfd6
40. Bxd6 Rxd6 41. d5 Kf8 42. Kf3 Ke7 43. Ke4 Rg6 44. Kf4 Kd6 45. g4 h6 46. Bc6
Rg5 47. Be8 f6 48. Bf7 Re5 49. Bg8 g5+ 0-1

[Event "18th CRO-chT"]
[Site "Sibenik CRO"]
[Date "2009.09.28"]
[Round "8.31"]
[White "Malakhov, Vladimir"]
[Black "Fedorchuk, Sergey A"]
[Result "1/2-1/2"]
[WhiteElo "2715"]
[BlackElo "2643"]
[PlyCount "52"]
[EventDate "2009.09.21"]
[EventType "team"]
[EventRounds "9"]
[EventCountry "CRO"]

1. d4 Nf6 2. c4 e6 3. Nc3 Bb4 4. e3 O-O 5. Nge2 d5 6. a3 Be7 7. cxd5 exd5 8.
Nf4 c6 9. Bd3 Bd6 10. O-O a5 11. Bc2 Re8 12. f3 Qc7 13. g3 Bxf4 14. exf4 Bh3
15. Re1 Nbd7 16. Be3 h5 17. Bd3 Nb6 18. b3 Re7 19. Bf2 Rxe1+ 20. Bxe1 Nc8 21.
Bf2 Nd6 22. Qd2 Re8 23. Re1 Rxe1+ 24. Qxe1 Bf5 25. Bxf5 Nxf5 26. Qe5 Qd7
1/2-1/2

[Event "18th CRO-chT"]
[Site "Sibenik CRO"]
[Date "2009.09.28"]
[Round "8.33"]
[White "Lalic, Bogdan"]
[Black "Feletar, Darko"]
[Result "1/2-1/2"]
[WhiteElo "2495"]
[BlackElo "2377"]
[PlyCount "65"]
[EventDate "2009.09.21"]
[EventType "team"]
[EventRounds "9"]
[EventCountry "CRO"]

1. d4 d5 2. c4 c6 3. Nf3 e6 4. e3 Nd7 5. Nc3 Ngf6 6. Bd3 dxc4 7. Bxc4 b5 8. Bd3
b4 9. Ne4 Nxe4 10. Bxe4 Bb7 11. Qa4 Qb6 12. Nd2 a5 13. O-O Be7 14. a3 O-O 15.
Nc4 Qc7 16. Bd2 c5 17. Bxb7 Qxb7 18. axb4 axb4 19. Na5 Qd5 20. Qc6 Bf6 21. Qxd5
exd5 22. dxc5 Bxb2 23. Rab1 Bc3 24. Nb3 Bxd2 25. Nxd2 Nxc5 26. Rxb4 Rfb8 27.
Rd4 Rd8 28. Rd1 Ne6 29. Rd3 Nc5 30. Rd4 Ne6 31. Rd3 Nc5 32. Rd4 Ne6 33. Rd3
1/2-1/2

[Event "18th CRO-chT"]
[Site "Sibenik CRO"]
[Date "2009.09.28"]
[Round "8.34"]
[White "Klaric, Zlatko"]
[Black "Kovacevic, Vlatko"]
[Result "1/2-1/2"]
[WhiteElo "2405"]
[BlackElo "2505"]
[PlyCount "37"]
[EventDate "2009.09.21"]
[EventType "team"]
[EventRounds "9"]
[EventCountry "CRO"]

1. e3 d5 2. c4 e6 3. b3 a5 4. Bb2 Nf6 5. f4 Be7 6. Nf3 O-O 7. Qc2 Na6 8. a3 Nc5
9. b4 axb4 10. axb4 Rxa1 11. Bxa1 Na6 12. b5 Nb4 13. Qc3 c5 14. Na3 b6 15. d3
Bb7 16. Be2 Qa8 17. Bb2 Rd8 18. O-O Bf8 19. Nc2 1/2-1/2

[Event "18th CRO-chT"]
[Site "Sibenik CRO"]
[Date "2009.09.28"]
[Round "8.35"]
[White "Cvorovic, Drazen"]
[Black "Muse, Drazen"]
[Result "1/2-1/2"]
[WhiteElo "2453"]
[BlackElo "2367"]
[PlyCount "41"]
[EventDate "2009.09.21"]
[EventType "team"]
[EventRounds "9"]
[EventCountry "CRO"]

1. Nf3 g6 2. g3 Bg7 3. d4 d6 4. Bg2 Nf6 5. O-O O-O 6. a4 a5 7. c3 c6 8. Nbd2
Qc7 9. Nc4 Nbd7 10. Qb3 b6 11. Re1 Ba6 12. Bf4 Rac8 13. Rad1 b5 14. Na3 Rb8 15.
Bc1 b4 16. cxb4 axb4 17. Nc4 c5 18. d5 Bxc4 19. Qxc4 Nb6 20. Qh4 Nxa4 21. Bh3
1/2-1/2

[Event "18th CRO-chT"]
[Site "Sibenik CRO"]
[Date "2009.09.28"]
[Round "8.36"]
[White "Kutuzovic, Branko"]
[Black "Rade, Miroslav"]
[Result "1/2-1/2"]
[WhiteElo "2321"]
[BlackElo "2433"]
[PlyCount "47"]
[EventDate "2009.09.21"]
[EventType "team"]
[EventRounds "9"]
[EventCountry "CRO"]

1. e4 e5 2. Nf3 Nc6 3. Bb5 a6 4. Ba4 Nf6 5. O-O Bc5 6. c3 b5 7. Bb3 d6 8. d4
Bb6 9. Qd3 Bg4 10. Bg5 h6 11. Bxf6 Qxf6 12. Bd5 Bd7 13. a4 O-O 14. axb5 axb5
15. Rxa8 Rxa8 16. Qxb5 Ra5 17. Qd3 exd4 18. Bxc6 Bxc6 19. b4 Ra4 20. cxd4 Rxb4
21. Qc3 Rxb1 22. Qxc6 Rxf1+ 23. Kxf1 Bxd4 24. Qxc7 1/2-1/2

[Event "18th CRO-chT"]
[Site "Sibenik CRO"]
[Date "2009.09.28"]
[Round "8.43"]
[White "Cebalo, Miso"]
[Black "Sale, Srdjan"]
[Result "0-1"]
[WhiteElo "2500"]
[BlackElo "2402"]
[PlyCount "94"]
[EventDate "2009.09.21"]
[EventType "team"]
[EventRounds "9"]
[EventCountry "CRO"]

1. d4 Nf6 2. c4 g6 3. Nc3 Bg7 4. e4 d6 5. f4 O-O 6. Nf3 c5 7. d5 e6 8. Be2 exd5
9. cxd5 Bg4 10. O-O Nbd7 11. Re1 Re8 12. h3 Bxf3 13. Bxf3 Qa5 14. Be3 b5 15. a3
Nb6 16. Bf2 Nc4 17. Qc2 Nd7 18. Be2 a6 19. Bxc4 bxc4 20. e5 dxe5 21. f5 Qb6 22.
Rad1 Rab8 23. Rd2 e4 24. fxg6 hxg6 25. Nxe4 Qxb2 26. Qxc4 Qxa3 27. d6 Qb4 28.
Qc2 c4 29. Rde2 Re6 30. Bg3 Qb3 31. Kf1 Rbe8 32. Ng5 Rxe2 33. Rxe2 Rxe2 34.
Qxe2 Qb1+ 35. Be1 Qf5+ 36. Nf3 Ne5 37. Bf2 Nxf3 38. Qe8+ Kh7 39. gxf3 c3 40. d7
c2 41. Qc8 Qxh3+ 42. Ke2 c1=Q 43. Qxc1 Qxd7 44. Kf1 a5 45. Kg2 a4 46. Bc5 Qd5
47. Ba3 Bh6 0-1

[Event "18th CRO-chT"]
[Site "Sibenik CRO"]
[Date "2009.09.28"]
[Round "8.45"]
[White "Lenic, Luka"]
[Black "Plenkovic, Zdenko"]
[Result "1-0"]
[WhiteElo "2575"]
[BlackElo "2370"]
[PlyCount "103"]
[EventDate "2009.09.21"]
[EventType "team"]
[EventRounds "9"]
[EventCountry "CRO"]

1. d4 Nf6 2. c4 g6 3. Nc3 Bg7 4. e4 d6 5. f3 O-O 6. Be3 c5 7. Nge2 Nc6 8. Qd2
cxd4 9. Nxd4 Nxd4 10. Bxd4 Be6 11. Be2 Qa5 12. Rc1 Rfc8 13. b3 Nd7 14. Bxg7
Kxg7 15. f4 Nf6 16. O-O a6 17. Qb2 Kg8 18. f5 Bd7 19. fxg6 Qe5 20. gxf7+ Kxf7
21. Qd2 Kg7 22. Nd5 Rf8 23. Nxf6 Rxf6 24. Rxf6 Qxf6 25. Rf1 Qe5 26. Qd5 Qxd5
27. exd5 b5 28. Kf2 b4 29. Ke3 Rc8 30. Kd4 a5 31. Rc1 Rc5 32. Bd3 Be8 33. Re1
Rc7 34. g4 h6 35. h4 Bf7 36. Bf5 Be8 37. Rg1 Kf6 38. Rf1 Kg7 39. Re1 Bf7 40.
Re2 Kf6 41. Ke4 Be8 42. Kf4 Bf7 43. g5+ hxg5+ 44. hxg5+ Kg7 45. g6 Bg8 46. Kg5
Ra7 47. Re1 Rc7 48. Be6 Bxe6 49. Rxe6 Ra7 50. Re4 Kg8 51. Kh6 Rc7 52. Rf4 1-0

[Event "18th CRO-chT"]
[Site "Sibenik CRO"]
[Date "2009.09.28"]
[Round "8.52"]
[White "Palac, Mladen"]
[Black "Ruck, Robert"]
[Result "1/2-1/2"]
[WhiteElo "2576"]
[BlackElo "2548"]
[PlyCount "113"]
[EventDate "2009.09.21"]
[EventType "team"]
[EventRounds "9"]
[EventCountry "CRO"]

1. e4 c6 2. d4 d5 3. Nc3 dxe4 4. Nxe4 Bf5 5. Ng3 Bg6 6. N1e2 e6 7. Nf4 Bd6 8.
c3 Nf6 9. h4 Bxf4 10. Bxf4 h6 11. h5 Bh7 12. Qb3 Qe7 13. Be2 O-O 14. c4 a5 15.
O-O a4 16. Qc3 Na6 17. Bf3 Rfd8 18. Rfd1 Qb4 19. Rac1 Qe7 20. Rd2 Nb4 21. Ra1
Na6 22. a3 Nb8 23. Re1 Qf8 24. Red1 Nbd7 25. c5 Rdc8 26. Nf1 Be4 27. Qe3 Bxf3
28. Qxf3 Nd5 29. Bg3 b6 30. Bd6 Qd8 31. Ne3 bxc5 32. dxc5 Qg5 33. Nc4 Ra7 34.
Rd4 Rb7 35. Qe2 N7f6 36. Be5 Ra7 37. Nb6 Re8 38. Bxf6 Nxf6 39. Rd8 Qxc5 40. Nd7
Qe7 41. Nxf6+ gxf6 42. Qg4+ Kh7 43. Rxe8 Qxe8 44. Qd4 Qe7 45. Qe4+ f5 46. Qxc6
Qb7 47. Qxb7 Rxb7 48. Rd4 Rxb2 49. Rxa4 Kg7 50. f4 Rb1+ 51. Kh2 Rb3 52. Ra7 Kf8
53. a4 Ra3 54. a5 f6 55. Ra8+ Kg7 56. Ra7+ Kf8 57. Ra8+ 1/2-1/2

[Event "18th CRO-chT"]
[Site "Sibenik CRO"]
[Date "2009.09.28"]
[Round "8.53"]
[White "Brkic, Ante"]
[Black "Postny, Evgeny"]
[Result "1/2-1/2"]
[WhiteElo "2544"]
[BlackElo "2651"]
[PlyCount "74"]
[EventDate "2009.09.21"]
[EventType "team"]
[EventRounds "9"]
[EventCountry "CRO"]

1. e4 e5 2. Nf3 Nc6 3. Bb5 a6 4. Bxc6 dxc6 5. O-O f6 6. d4 exd4 7. Nxd4 c5 8.
Ne2 Qxd1 9. Rxd1 Bd7 10. Be3 O-O-O 11. Nbc3 Re8 12. Rd2 Bc6 13. Rad1 b6 14. a4
a5 15. Bf4 Ne7 16. Nb5 Ng6 17. Bg3 Ne5 18. Na7+ Kb7 19. Nxc6 Kxc6 20. Bxe5 Rxe5
21. Ng3 Be7 22. f3 g6 23. Rd5 Bd6 24. c4 Rhe8 25. b3 R5e6 26. Kf2 Rf8 27. R1d2
Be5 28. Kf1 h5 29. Ne2 f5 30. exf5 Rxf5 31. h4 Rf8 32. Kf2 Rfe8 33. g3 Bd6 34.
R5d3 R6e7 35. Nc3 Be5 36. Ne4 Bd4+ 37. Kg2 Rf8 1/2-1/2

[Event "18th CRO-chT"]
[Site "Sibenik CRO"]
[Date "2009.09.28"]
[Round "8.55"]
[White "Kovacevic, Blazimir"]
[Black "Zelcic, Robert"]
[Result "1/2-1/2"]
[WhiteElo "2425"]
[BlackElo "2550"]
[PlyCount "98"]
[EventDate "2009.09.21"]
[EventType "team"]
[EventRounds "9"]
[EventCountry "CRO"]

1. d4 Nf6 2. c4 e6 3. Nc3 Bb4 4. e3 c5 5. Bd3 O-O 6. Nf3 d5 7. O-O Nc6 8. a3
Bxc3 9. bxc3 dxc4 10. Bxc4 Qc7 11. Bd3 Rd8 12. Qc2 e5 13. Bb2 Bg4 14. dxe5 Nxe5
15. Nxe5 Qxe5 16. c4 Qd6 17. Bf5 Bxf5 18. Qxf5 b6 19. Bxf6 Qxf6 20. Qxf6 gxf6
21. Rfd1 f5 22. Kf1 Kg7 23. a4 Kf6 24. Ke2 Ke6 25. Kf3 Rab8 26. Rxd8 Rxd8 27.
a5 Kf6 28. axb6 axb6 29. Ra6 Rd6 30. Kf4 Kg7 31. g3 Rd2 32. f3 Rxh2 33. Rxb6
Rc2 34. Rc6 Rxc4+ 35. Kxf5 Rc3 36. Kf4 Rc1 37. g4 h6 38. Ke4 Rc3 39. Rd6 Rc1
40. f4 c4 41. Kf5 c3 42. Rc6 c2 43. e4 Kh7 44. Rc8 Kg7 45. Rc7 Kg8 46. e5 Kg7
47. Rc8 Kh7 48. Rc3 Kg7 49. Rc7 Kg8 1/2-1/2

[Event "18th CRO-chT"]
[Site "Sibenik CRO"]
[Date "2009.09.28"]
[Round "8.56"]
[White "Zaja, Ivan"]
[Black "Zivkovic, Vjekoslav"]
[Result "1-0"]
[WhiteElo "2449"]
[BlackElo "2413"]
[PlyCount "115"]
[EventDate "2009.09.21"]
[EventType "team"]
[EventRounds "9"]
[EventCountry "CRO"]

1. d4 Nf6 2. c4 g6 3. Nc3 Bg7 4. e4 d6 5. f3 O-O 6. Be3 c5 7. dxc5 dxc5 8. Qxd8
Rxd8 9. Bxc5 Nc6 10. Nge2 Nd7 11. Bf2 Nde5 12. Nf4 b6 13. Nfd5 e6 14. Nc7 Nb4
15. Rd1 Rxd1+ 16. Kxd1 Rb8 17. Be3 Bb7 18. N7b5 Rd8+ 19. Kc1 Nbd3+ 20. Bxd3
Rxd3 21. Bg5 Nxc4 22. Kc2 Rd7 23. Nxa7 h6 24. Bf4 Bxe4+ 25. fxe4 Rxa7 26. Kb3
g5 27. Kxc4 gxf4 28. Ra1 Rc7+ 29. Kb5 Bxc3 30. bxc3 Rxc3 31. Kxb6 Ra3 32. Kc5
Kg7 33. Kb4 Re3 34. a4 Rxe4+ 35. Kc5 Re2 36. a5 Rxg2 37. a6 Rc2+ 38. Kb6 Rc8
39. a7 Kf6 40. a8=Q Rxa8 41. Rxa8 Ke5 42. Ra5+ Kd4 43. Rh5 f5 44. Rxh6 f3 45.
Rh4+ Ke3 46. Ra4 f2 47. Ra1 e5 48. h4 e4 49. h5 Kf3 50. h6 e3 51. h7 e2 52.
h8=Q f1=Q 53. Ra3+ Ke4 54. Ra4+ Kf3 55. Qh5+ Ke3 56. Qg5+ Kd3 57. Qd8+ Kc2 58.
Rc4+ 1-0